[Event "Pereira Risaraldense Cup-B"]
[Site "Pereira"]
[Date "2021.01.22"]
[Round "4"]
[White "Zambrano Linares, Ramon Alberto"]
[Black "Guadalajara Sifuentes, Jose Gregorio"]
[Result "1-0"]
[WhiteElo "2030"]
[BlackElo "2028"]
[PlyCount "85"]
[EventDate "2021.01.20"]
[EventType "tourn"]
[EventRounds "5"]
[EventCountry "COL"]
[SourceTitle "CBM 200 Extra"]
[Source "ChessBase"]
[SourceDate "2021.03.31"]
[SourceVersion "1"]
[SourceVersionDate "2021.03.31"]
[SourceQuality "1"]

1. e4 c5 2. Nf3 d6 3. d4 cxd4 4. Qxd4 a6 5. Bc4 e6 6. Nc3 Nf6 7. Bg5 Be7 8. 0-0-0 0-0 9. h4 b5 10. Bb3 Bb7 11. Rhe1 Qc7 12. Kb1 Nbd7 13. g4 Ne5 14. Nxe5 dxe5 15. Qd2 b4 16. Bxf6 bxc3 17. Qd7 Qxd7 18. Rxd7 Bxf6 19. g5 Bc8 20. Rd3 Bd8 21. Rxc3 Bb6 22. Rd3 Bb7 23. Rd7 Bc6 24. Rd6 Rac8 25. f3 Rfd8 26. Red1 Rxd6 27. Rxd6 Bc5 28. Rd2 Bb6 29. Rd6 Bxe4 30. fxe4 Rd8 31. Rxd8+ Bxd8 32. Bc4 a5 33. b3 h6 34. gxh6 g6 35. a3 Bxh4 36. b4 axb4 37. axb4 g5 38. b5 g4 39. b6 g3 40. b7 g2 41. b8Q+ Kh7 42. Qa7 Kg8 43. Qg1 1-0

[Event "Bogota Navidad op"]
[Site "Bogota"]
[Date "2019.12.08"]
[Round "6"]
[White "Zambrano Linares, Ramon Alberto"]
[Black "Portillo Fernandez, Isaac Jesus"]
[Result "0-1"]
[WhiteElo "2011"]
[BlackElo "1716"]
[PlyCount "52"]
[EventDate "2019.12.05"]
[EventType "swiss"]
[EventRounds "7"]
[EventCountry "COL"]
[SourceTitle "CBM 193 Extra"]
[Source "ChessBase"]
[SourceDate "2020.01.31"]
[SourceVersion "1"]
[SourceVersionDate "2020.01.31"]
[SourceQuality "1"]

1. e4 e5 2. Nf3 Nc6 3. d4 exd4 4. Bc4 Bb4+ 5. c3 dxc3 6. bxc3 Ba5 7. Qb3 Qe7 8. 0-0 d6 9. Bg5 Nf6 10. Nbd2 0-0 11. Rfe1 Bb6 12. h3 Be6 13. Bxe6 fxe6 14. Rad1 Na5 15. Qc2 e5 16. Bxf6 Rxf6 17. Nf1 Raf8 18. Rd3 Rg6 19. Kh1 Qe6 20. Kh2 Nc4 21. Ne3 Nxe3 22. fxe3 Qc4 23. Nd2 Rf2 24. Rg1 Qe6 25. Qb3 Qxb3 26. axb3 Bxe3 0-1

[Event "Uniagraria AlphaZero op 2nd"]
[Site "Uniagraria"]
[Date "2019.11.09"]
[Round "2"]
[White "Gonzalez Mojica, Renan Arturo"]
[Black "Zambrano Linares, Ramon Alberto"]
[Result "0-1"]
[WhiteElo "1575"]
[BlackElo "1971"]
[PlyCount "72"]
[EventDate "2019.11.08"]
[EventType "swiss"]
[EventRounds "7"]
[EventCountry "COL"]
[SourceTitle "CBM 193 Extra"]
[Source "ChessBase"]
[SourceDate "2020.01.31"]
[SourceVersion "1"]
[SourceVersionDate "2020.01.31"]
[SourceQuality "1"]

1. c4 Nf6 2. g3 g6 3. Bg2 Bg7 4. e4 d6 5. Ne2 c5 6. 0-0 0-0 7. Nbc3 e5 8. d3 h6 9. Be3 Nc6 10. h3 Kh7 11. f4 Be6 12. Kh2 Qd7 13. Qd2 Nd4 14. fxe5 dxe5 15. Nd5 Bxd5 16. cxd5 Ne8 17. Rac1 b6 18. Bxd4 exd4 19. b4 Rc8 20. bxc5 bxc5 21. Rc2 Be5 22. Rfc1 Nd6 23. a4 Nb7 24. a5 Qd6 25. Rb2 Rc7 26. a6 Qxa6 27. Ra2 Qd6 28. Rxa7 Qe7 29. Rb1 Qd6 30. Qb2 Qe7 31. h4 Nd6 32. Rxc7 Qxc7 33. Qb6 Rc8 34. Bh3 Qe7 35. Kg2 Rc7 36. Kf2 Rb7 0-1

[Event "San Cristobal op 3rd"]
[Site "San Cristobal"]
[Date "2016.11.13"]
[Round "7.5"]
[White "Zambrano Linares, Ramon Alberto"]
[Black "Payares Leon, Daniel Alfonso"]
[Result "0-1"]
[WhiteElo "2001"]
[BlackElo "2010"]
[PlyCount "60"]
[EventDate "2016.11.10"]
[EventType "swiss"]
[EventRounds "7"]
[EventCountry "VEN"]
[SourceTitle "EXT 2022"]
[Source "ChessBase"]
[SourceDate "2021.10.06"]
[SourceVersion "1"]
[SourceVersionDate "2021.10.06"]
[SourceQuality "1"]

1. d4 f5 2. c4 Nf6 3. Nc3 g6 4. Nf3 Bg7 5. g3 0-0 6. Bg2 d6 7. 0-0 c6 8. Qc2 Qc7 9. Re1 e5 10. dxe5 dxe5 11. e4 f4 12. gxf4 exf4 13. h3 Nh5 14. b3 Nd7 15. Ba3 Re8 16. Rad1 Qa5 17. Bb2 Ne5 18. Qe2 Nxf3+ 19. Qxf3 Qg5 20. Kh2 Qh4 21. Rd2 g5 22. Nd1 g4 23. Qd3 Bxb2 24. Nxb2 f3 25. Bf1 g3+ 26. Kg1 Qg5 27. Qd6 gxf2+ 28. Kxf2 Qh4+ 29. Kxf3 Qxe1 30. Rg2+ Kf7 0-1

[Event "San Cristobal Bolivar op 1st"]
[Site "San Cristobal"]
[Date "2012.09.29"]
[Round "8"]
[White "Ferragut, Arnaldo"]
[Black "Zambrano Linares, Ramon Alberto"]
[Result "1-0"]
[WhiteElo "2255"]
[BlackElo "1968"]
[PlyCount "57"]
[EventDate "2012.09.25"]
[EventType "swiss"]
[EventRounds "10"]
[EventCountry "VEN"]
[SourceTitle "EXT 2013"]
[Source "ChessBase"]
[SourceDate "2012.11.22"]
[SourceVersion "1"]
[SourceVersionDate "2012.11.22"]
[SourceQuality "1"]

1. d4 Nf6 2. Nf3 g6 3. Bg5 Bg7 4. c3 d6 5. Nbd2 h6 6. Bh4 c5 7. e3 Nc6 8. Bd3 Bd7 9. 0-0 cxd4 10. exd4 0-0 11. Re1 a6 12. Qb3 Na5 13. Qc2 Rc8 14. Ne4 Ne8 15. h3 Nc6 16. Qe2 Qa5 17. a3 f5 18. Ned2 e5 19. Nc4 Qd5 20. Nb6 Qf7 21. Bc4 Be6 22. Bxe6 Qxe6 23. d5 Qf7 24. Nxc8 Nb8 25. Be7 Nf6 26. Bxf8 Bxf8 27. Nb6 Qc7 28. Nc4 Nxd5 29. Ne3 1-0

[Event "San Cristobal Bolivar op 1st"]
[Site "San Cristobal"]
[Date "2012.09.29"]
[Round "9"]
[White "Zambrano Linares, Ramon Alberto"]
[Black "Molina Sumoza, Jesus Alberto"]
[Result "1-0"]
[WhiteElo "1968"]
[BlackElo "2146"]
[PlyCount "47"]
[EventDate "2012.09.25"]
[EventType "swiss"]
[EventRounds "10"]
[EventCountry "VEN"]
[SourceTitle "EXT 2013"]
[Source "ChessBase"]
[SourceDate "2012.11.22"]
[SourceVersion "1"]
[SourceVersionDate "2012.11.22"]
[SourceQuality "1"]

1. d4 d5 2. c4 e6 3. Nc3 Nf6 4. Nf3 Be7 5. Bf4 a6 6. c5 0-0 7. e3 Nbd7 8. Bd3 Nh5 9. 0-0 f5 10. Be5 Nhf6 11. b4 Ne4 12. Rc1 Bf6 13. Bxf6 Qxf6 14. a4 c6 15. Nd2 e5 16. Nb3 Nxc3 17. Rxc3 e4 18. Be2 f4 19. Nd2 b6 20. cxb6 Nxb6 21. a5 Nc4 22. Qb3 Bb7 23. Nxe4 Qe7 24. Nc5 1-0

[Event "Valera Escuela Las Palmas op 1st"]
[Site "Valera"]
[Date "2012.04.15"]
[Round "7"]
[White "Teran Abreu, Lisyender Jesus"]
[Black "Zambrano Linares, Ramon Alberto"]
[Result "1/2-1/2"]
[WhiteElo "2120"]
[BlackElo "1952"]
[PlyCount "21"]
[EventDate "2012.04.12"]
[EventType "swiss"]
[EventRounds "7"]
[EventCountry "VEN"]
[SourceTitle "EXT 2013"]
[Source "ChessBase"]
[SourceDate "2012.11.22"]
[SourceVersion "1"]
[SourceVersionDate "2012.11.22"]
[SourceQuality "1"]

1. e4 e5 2. Nf3 Nc6 3. Bc4 Bc5 4. c3 Nf6 5. d3 d6 6. Bb3 a6 7. 0-0 0-0 8. h3 h6 9. Be3 Re8 10. Nbd2 Qe7 11. Re1 1/2-1/2

[Event "Valera Escuela Las Palmas op 1st"]
[Site "Valera"]
[Date "2012.04.14"]
[Round "5"]
[White "Zambrano Linares, Ramon Alberto"]
[Black "Perdomo Araujo, Angel Eduardo"]
[Result "1-0"]
[WhiteElo "1952"]
[BlackElo "1913"]
[PlyCount "77"]
[EventDate "2012.04.12"]
[EventType "swiss"]
[EventRounds "7"]
[EventCountry "VEN"]
[SourceTitle "EXT 2013"]
[Source "ChessBase"]
[SourceDate "2012.11.22"]
[SourceVersion "1"]
[SourceVersionDate "2012.11.22"]
[SourceQuality "1"]

1. d4 Nf6 2. c4 g6 3. Nc3 d6 4. e4 Bg7 5. Nf3 0-0 6. Be2 e5 7. 0-0 Nc6 8. d5 Ne7 9. Ne1 Nd7 10. Nd3 f5 11. Bd2 a5 12. a3 Nf6 13. f3 f4 14. c5 g5 15. cxd6 cxd6 16. Nf2 h5 17. h3 Bd7 18. Qb3 g4 19. fxg4 hxg4 20. hxg4 Qc8 21. Rac1 Qc5 22. g5 Ng4 23. Qxb7 Ra7 24. Qb3 Qd4 25. Bxg4 Bxg4 26. Nb5 Qb6 27. a4 Bd7 28. Rc3 Rb7 29. Rc6 Nxc6 30. dxc6+ Kh7 31. cxd7 Qd8 32. Qh3+ Kg6 33. Qe6+ Kh5 34. Qh3+ Kg6 35. Nxd6 Rxd7 36. Qe6+ Kh5 37. Bxa5 Qe7 38. Qxe7 Rxe7 39. b4 1-0